000 00776nam a2200241 a 4500
001 BRCA_8100
005 20190320210130.0
008 070414s1965----mx-oa##f##---#000-0#spa-#
041 _aspa
044 _amx
050 4 _aND259.R5
_b.D54
_c1965
245 1 0 _aDiego Rivera
_bde la colección de la señora Dolores Olmedo de Olvera.
260 _aMéxico
_bINBA
_c1965
300 _a1 v. (sin paginación)
_bil., fot.
_c21 cm.
500 _aY145
500 _aColección de exposición-homenaje
600 1 4 _aRivera, Diego
_d1886-1957
_91330
650 1 4 _aPintores
_vHomenajes
_zMéxico
_920152
650 1 4 _aPintura
_vExposiciones
_zMéxico
_96508
700 1 _aOlmedo de Olvera, Dolores
_d1908-2002
_qOlmedo y Patiño Suárez, Dolores
_920153
902 _aGFM
942 _2lcc
_cB
999 _c7768
_d7768